000 00436nam a2200193Ia 4500
005 20240823051653.0
008 240823s9999||||xx |||||||||||||| ||und||
020 _a978-4-905654-28-4
041 _aENGLISH
082 _A813.6 P8
100 _aStepheine Meyer
245 0 _aBreaking Dawn
250 _a1st
260 _c2008
_bAtom Publi
500 _aTRANSFERED
650 _aGeneral
_bGeneral
942 _cBK
999 _c220115
_d220115